000 00252nam a2200097Ia 4500
008 230907s9999||||xx |||||||||||||| ||und||
082 _a621.042,FIB
245 0 _aFiber-shaped energy harvesting and storage devices /
300 _ax,218 p.:
942 _cBK
999 _c597647
_d597647